| 000 | 00697nam a2200229 i 4500 | ||
|---|---|---|---|
| 001 | 123318 | ||
| 003 | ES-MaACL | ||
| 005 | 20230906192142.0 | ||
| 007 | t| | ||
| 008 | 070214s1965 sp r ||||1| spa d | ||
| 100 | 1 |
_aRabut, Olivier A. _994873 |
|
| 245 | 1 | 0 |
_aEspiritualidad para un tiempo de incertidumbre / _cOlivier A. Rabut ; traducción por Andrés-Pedro Sánchez Pascual. |
| 250 | _a1ª ed. | ||
| 260 |
_aBarcelona : _bEstela, _c1965. |
||
| 300 |
_a97 p. ; _c19 cm. |
||
| 490 | 1 |
_aEpifania ; _v16 |
|
| 650 | 0 | 4 |
_aFe. _912734 |
| 700 | 1 |
_aSánchez Pascual, Andrés. _9102833 |
|
| 830 | 0 |
_aEpifania ; _v16 _9182104 |
|
| 852 |
_aES-MaACL _jC-31136 _bR.61793 |
||
| 999 |
_c123318 _d123318 |
||